书目信息 |
| 题名: |
跨文化传播
|
|
| 作者: | 萨姆瓦 , 波特 著 ;闵惠泉 译 | |
| 分册: | ||
| 出版信息: | 北京 中国人民大学出版社 2010 |
|
| 页数: | 278页 | |
| 开本: | 28cm | |
| 丛书名: | 新闻与传播学译丛·国外经典教材系列 | |
| 单 册: | ||
| 中图分类: | G115 | |
| 科图分类: | ||
| 主题词: | 文化交流--世界 , 文化交流 | |
| 电子资源: | ||
| ISBN: | 978-7-300-12348-6 | |
| 000 | 01277oam2 2200313 45 | |
| 001 | 1132108218 | |
| 005 | 20110314084525.03 | |
| 010 | @a978-7-300-12348-6@dCNY45.00 | |
| 100 | @a20110121d2010 em y0chiy50 ea | |
| 101 | 1 | @achi@ceng |
| 102 | @aCN@b110000 | |
| 105 | @aa z 000yy | |
| 106 | @ar | |
| 200 | 1 | @a跨文化传播@AKua Wen Hua Chuan Bo@dCommunication between cultures@f(美)拉里·A·萨默瓦(Larry A. Samovar),(美)理查德·E·波特(Richard E. Porter)著@F( Mei ) La Li· A· Sa Mo Wa (Larry A. Samovar),( Mei ) Li Cha De· E· Bo Te (Richard E. Porter) Zhu@g闵惠泉等译@zeng |
| 210 | @a北京@c中国人民大学出版社@d2010 | |
| 215 | @a278页@c图@d28cm | |
| 225 | 2 | @a新闻与传播学译丛·国外经典教材系列 |
| 305 | @a本书由圣智学习出版公司授权出版 据原书第4版译出 | |
| 330 | @a本书分为四大部分,包括传播与文化、文化的影响、从理论到实践、从知识到行动。 | |
| 461 | 0 | @12001 @a新闻与传播学译丛·国外经典教材系列 |
| 510 | 1 | @aCommunication between cultures@zeng |
| 606 | 0 | @a文化交流@y世界 |
| 606 | 0 | @a文化交流 |
| 690 | @aG115@v4 | |
| 701 | 1 | @a萨姆瓦@ASa Mu Wa@g(Samovar, Larry A.)@4著 |
| 701 | 1 | @a波特@ABo Te@g(Porter, Richard E.)@4著 |
| 702 | 0 | @a闵惠泉@AMin Hui Quan@f(1952.12~)@4译 |
| 801 | 0 | @aCN@bTANGWEI@c20110314 |
| 905 | @b0532699-703@dG115@e18@f5 | |
| 跨文化传播=Communication between cultures/(美)拉里·A·萨默瓦(Larry A. Samovar),(美)理查德·E·波特(Richard E. Porter)著/闵惠泉等译.-北京:中国人民大学出版社,2010 |
| 278页:图;28cm.-(新闻与传播学译丛·国外经典教材系列) |
| ISBN 978-7-300-12348-6:CNY45.00 |
| 本书分为四大部分,包括传播与文化、文化的影响、从理论到实践、从知识到行动。 |
| ● |
| 相关链接 |
|
|
|
|
正题名:跨文化传播
索取号:G115/18
 
预约/预借
| 序号 | 登录号 | 条形码 | 馆藏地/架位号 | 状态 | 备注 |
| 1 | 0532699 | 205326994 | 第一样本阅览室/ [索取号:G115/18] | 在馆 | |
| 2 | 0532700 | 205327001 | 密集书库-文学院/ [索取号:G115/18] | 在馆 | |
| 3 | 0532701 | 205327010 | 第四借阅区/ [索取号:G115/18] | 在馆 | |
| 4 | 0532702 | 205327029 | 第四借阅区/ [索取号:G115/18] | 在馆 | |
| 5 | 0532703 | 205327038 | 第四借阅区/ [索取号:G115/18] | 在馆 |